Les pays d'origine des résidents en Argentine - Statistiques

Statistiques générales
  • Ce quiz a été pris 169 fois
  • Le résultat moyen est 16 sur 20
Statistiques - réponses
Rang Pays d'origine Population arrondie % Correct
14 France 7000
99%
8 Brésil 41 500
98%
7 Espagne 94 000
97%
9 Etats-Unis 19 000
96%
12 Allemagne 8500
94%
3 Chili 191 000
94%
15 Portugal 6800
94%
6 Uruguay 116 500
94%
5 Italie 147 500
93%
10 Colombie 17 500
92%
1 Paraguay 550 700
92%
2 Bolivie 345 000
90%
4 Pérou 157 500
89%
18 Mexique 6000
88%
17 Venezuela 6400
86%
11 Chine 9000
79%
16 Pologne 6500
54%
13 Corée-du-Sud 7500
34%
20 Ukraine 4800
30%
19 Rép. Dominicaine 5700
13%
Aucun quiz correspondant
Distribution des résultats
% des personnes avec chaque résultat
Percentile par nombre de réponses
Votre historique - résultats
Vous n’avez pas pris ce quiz